Holiday Quiz

Random Holiday or World Quiz
Score 0/20 Timer 06:00
1 Play Today
% Correct
United States
90.7%
Mexico
86.5%
Spain
85.7%
Germany
85.7%
UK
79.3%
Argentina
78%
China
75.9%
Turkey
65.9%
Vietnam
62.7%
Indonesia
59%
% Correct
Iran
56.4%
Australia
56%
Morocco
45.8%
Poland
44%
Egypt
43.5%
Iceland
36.7%
Rwanda
35.8%
Colombia
32.7%
New Zealand
32.6%
South Africa
18.6%
Remove Ads.
Support Sporcle.
Get the best of Sporcle when you Go Orange. This ad-free experience offers more features, more stats, and more fun while also helping to support Sporcle. Thank you for becoming a member.

You're not logged in!

Compare scores with friends on all Sporcle quizzes.
OR
Log In

Show Comments

Extras

Top Quizzes Today


Score Distribution

Your Account Isn't Verified!

In order to create a playlist on Sporcle, you need to verify the email address you used during registration. Go to your Sporcle Settings to finish the process.

Report this User

Report this user for behavior that violates our Community Guidelines.

Details: